000 01022nas a2200325 4500
001 BR2018002445
003 BR-BrBNA
005 20231205131459.0
007 ta
008 230509b bl.|||p| |||| 00| 00por d
040 _aBR-BrBNA
_bpor
_cBiblioteca Nacional de Agricultura
041 _a(En)
072 _aK10
100 1 _aSilva, D.Y.B. de O.
100 1 _aSilva, A.M.P. da
100 1 _aFarias, S.G.G. de
100 1 _aSilva, R.B. e
100 1 _aMatos, V.P.
100 1 _aSilva, L.S. da
245 1 _aSubstrate and temperature on germination and performance of Albizia niopoides Benth. seedlings
650 _aESPÉCIE NATIVA
650 _aSEMENTE FLORESTAL
650 _aGERMINAÇÃO
650 _aSUBSTRATO DE CULTURA
650 _aTEMPERATURA
773 0 _tCiência Rural (Brazil)
_xISSN 1678-4596
_g(2018), v. 48(3) p. 1-7
_wBR2018002445
856 4 0 _uhttp://www.scielo.br/pdf/cr/v48n3/1678-4596-cr-48-03-e20161043.pdf
909 _a202311
_bLúcia
_c55
_dLúcia Elande
942 _2AGRIS
_n0
_cANA
999 _c255052
_d255052